|
|
|
|
| LEADER |
00000ny a22000003n 4500 |
| 005 |
20110511151814.0 |
| 008 |
070206s19uu9999xx r p s 0 a0spa d |
| 022 |
|
|
|a 1315-8597
|
| 035 |
|
|
|a 3111
|
| 040 |
|
|
|a BUS
|d vLex
|
| 090 |
|
|
|c 1717
|d 1717
|
| 245 |
3 |
0 |
|a Revista Gaceta Laboral
|h [Recurso electrn̤ico]
|
| 246 |
3 |
3 |
|a Gaceta Laboral
|
| 256 |
|
|
|a Servicio en ln̕ea
|
| 260 |
|
|
|a Venezuela :
|b Universidad del Zulia
|
| 310 |
|
|
|a Cuatrimestral
|
| 506 |
1 |
|
|a Contenido solo disponible en los productos indicados
|d vLex Global
|d vLex Global (Academic Edition, excluding Law Schools)
|d vLex Global (Academic Edition, Law Schools)
|
| 650 |
0 |
4 |
|a Trabajo
|x Derecho
|x Publicaciones perid̤icas
|
| 650 |
0 |
4 |
|a Employment law
|
| 650 |
0 |
4 |
|a Law
|
| 740 |
|
|
|a vLex Revista (Servicios en ln̕ea)
|
| 843 |
|
|
|a Electrn̤ica. Abierta
|
| 853 |
|
|
|8 1
|i (year)
|j (month)
|k (day)
|
| 856 |
4 |
0 |
|u http://vlex.com/source/3111
|z Acceso restringido
|
| 942 |
|
|
|c REV
|